000 01051aaa a2200241 a 4500
001 78221
003 BD-RjUL
005 20211209083115.0
008 210822s2005 qa ||||| |||| 00| 0 ara d
020 _a1086122977
035 _a(BD-RjUL)78447
040 _aBD-RjUL
_beng
_cBD-RjUL
041 _aara
082 _223
_a492.70141
_bAMB 2005
100 1 _aأمين، مصطفى (لغوي), علي الجارم ;; Amin, Mustafa (linguist); Ali Al-Garm
_9245974
245 1 3 _a البلاغة الواضحة : البيان-المعاني-البديع ودليل البلاغة الواضحة;; albalaghat alwadihat : albayanu-almaeani-albadie wadalil albalaghat alwadiha /
_cAli Al-Jarm and Mustafa Amin ;; علي الجارم و مصطفى أمين
260 _aالقاهرة : .
_bالدار المصرية السعودية،
_c2005 1426
260 _aalqahirat :
_baldaar almisriat alsueudiatu,
_c2005
300 _a496 p. ;
_c26 cm
650 _aArabic language
_vRhetoric.
_9247062
700 _a Amin, Mustafa
_9247064
942 _2ddc
_cBK
999 _c78221
_d78221